000
00218 a2200109 4500
020
_a
9788484705918
041
_a
spa
100
_a
Ohmura, Tomoko
245
_a
942
_c
BK
952
_7
1
999
_c
25357
_d
25357